| 000 | 01001nam a2200277 i 4500 | ||
|---|---|---|---|
| 001 | 188843 | ||
| 003 | SpMaBN | ||
| 005 | 20240102115656.0 | ||
| 008 | 190219s2001 sp a |||| |dspa d | ||
| 020 | _a84-226-8783-6 | ||
| 080 | _a929 Sierra, Javier | ||
| 080 | _a930.85".../04"(089.3) | ||
| 100 | 1 |
_aSierra, Javier ( _d1971-) _9147835 |
|
| 245 | 1 | 0 |
_aEn busca de la Edad de Oro _b: los tesoros ocultos de las civilizaciones perdidas / _cJavier Sierra. |
| 260 |
_aBarcelona : _bCírculo de Lectores, _c[2001] |
||
| 300 |
_a318 p. : _bil. ; _c23 cm. |
||
| 500 | _aÍndice. | ||
| 504 | _aReferencias bibliográficas. | ||
| 600 | 1 | 7 |
_aSierra, Javier ( _d1971-) _9147835 |
| 650 | 7 |
_aCivilización antigua. _9141209 |
|
| 852 |
_aES-MaACL _jA-14360 _9195977 _bR.151543 _cDEPO1 _dOlim: N-7360 _hDonación: Javier Sierra _xEncuadernación en cartoné |
||
| 903 |
_9147835 _aSierra, Javier ( _d1971-) _ednr |
||
| 942 |
_2udc _cMONOGRAFIA |
||
| 999 |
_c188843 _d188843 |
||